| 000 | 00846nam a2200253 a 4500 | ||
|---|---|---|---|
| 001 | BRL_714 | ||
| 005 | 20190320210850.0 | ||
| 008 | 300913s1880----gw-a######---#000-0#ger-# | ||
| 041 | _ager | ||
| 044 | _agw | ||
| 050 | 4 |
_aML50.M623 _b.M49 1880 |
|
| 100 | 1 |
_aMeyerbeer, Giacomo _d1791-1864 _924719 |
|
| 245 | 1 | 0 |
_aDie Hugenotten _bgrosse oper in fünf aufzügen _cvon Giacomo Meyerbeer; Dichtung von Eugene Scribe und Emile Deschamps. |
| 260 |
_aLeipzig _bP. Reclam jun _c1880 |
||
| 300 |
_a143 p. _bil. _c15 cm. |
||
| 440 | 0 |
_aReclams universal Bibliothek _vNr. 3651 _924720 |
|
| 500 | _aAu808 | ||
| 650 | 1 | 4 |
_aOperas _924721 |
| 651 | 4 |
_aFrancia _vDrama _xHistoria _yLas guerras de los hugonotes, 1562-1598 _924722 |
|
| 700 | 1 |
_aDeschamps, Emile _d1791-1871 _924723 |
|
| 700 | 1 |
_aScribe, Eugene _d1791-1861 _924724 |
|
| 902 | _aGRL | ||
| 942 |
_2lcc _cB |
||
| 999 |
_c9526 _d9526 |
||